000 00719nam a22002297a 4500
005 20170124110242.0
010 _aA-933635
020 _c75.00
_a8120311922
035 _aA-933635
037 _bCen Lib/Ret
040 _aDPL
_bEN
082 _a921.3
_bHAR
100 _aHarrison, J.A.
_995787
245 _aThe essence of electic power systems /
_cby J.A. Harrison
260 _aNew Delhi
_bPrentice Hall Of India
_c1997
270 _aM-97, Connaught Circus
_bNew Delhi
_e110001
300 _axi,117p.
_c21cm(Hb)
500 _aincludes bibliographical references and index
650 _aPower systems
_995788
650 _aElectric -- power systems
_995789
942 _2ddc
_cEN
_h321.3
_mHAR
999 _c135272
_d135272